| 000 | 00690nam a22001937a 4500 | ||
|---|---|---|---|
| 999 |
_c2652 _d2652 |
||
| 008 | 160521b xxu||||| |||| 00| 0 eng d | ||
| 020 | _a0070004803 | ||
| 082 |
_22002 _aDC 657.3 _bAb3 |
||
| 100 |
_98729 _aAbdolmohammadi, Mohammad |
||
| 245 |
_aApplied research in financial reporting: _btext and cases/ _cMohammad Abdolmohammadi and Ralph J. McQuade. |
||
| 260 |
_aBoston: _bMcGraw-Hill, _cc2002. |
||
| 300 |
_axxiii, 311 pages: _billustrations; _c23 cm. |
||
| 500 | _aIncludes index. | ||
| 650 | 0 |
_98731 _aAccounting _xResearch _xMethodology |
|
| 650 | 0 |
_98734 _aAccounting _xCase studies |
|
| 650 | 0 |
_98737 _aFinancial statements |
|
| 700 |
_98739 _aRalph J. McQuade _eAuthor |
||
| 942 |
_2ddc _cDC |
||